Top Bowler in Each Cricket World Cup Final - Statistics

General Stats
  • This quiz has been taken 136 times
  • The average score is 5 of 11
Answer Stats
Year For Bowling Player % Correct
1999 Aus v Pak 4-33 Shane Warne
84%
2003 Aus v Ind 3-52 Glenn McGrath
79%
2015 Aus v NZ 3-30 Mitchell Johnson
52%
2011 SL v Ind 2-42 Lasith Malinga
47%
1979 WI v Eng 5-38 Joel Garner
46%
1983 Ind v WI 3-12 Mohinder Amarnath
44%
1996 SL v Aus 3-42 Aravinda de Silva
24%
1975 Aus v WI 5-48 Gary Gilmour
22%
1992 Eng v Pak 3-22 Derek Pringle
21%
1987 Aus v Eng 2-37 Steve Waugh
19%
2007 Aus v SL 2-33 Michael Clarke
17%
No matching quizzes found
Score Distribution
Percent of People with Each Score
Percentile by Number Answered
Your Score History
You have not taken this quiz